In solutum dare. Contenuto e dottrine negoziali nell'adempimento inesatto

Wedi'i Gadw mewn:
Manylion Llyfryddiaeth
Prif Awdur: Melillo, Generoso (autor)
Fformat: Llyfr
Iaith:Eidaleg
Cyhoeddwyd: Nápoles Dott. Eugenio Jovene 1970
Cyfres:Pubblicazioni della Facoltà Giuridica dell'Università di Napoli, 118
Pynciau:
Tagiau: Ychwanegu Tag
Dim Tagiau, Byddwch y cyntaf i dagio'r cofnod hwn!

MARC

LEADER 00000nam a2200000 a 4500
001 UCR1261
003 CL-VaPUC
008 971212e19700000IT |||||||||||||||||ita|d
082 0 4 |a 340.5401  |b MEL  |2 21 
100 |a Melillo, Generoso  |e autor  |9 455068 
245 1 0 |a In solutum dare. Contenuto e dottrine negoziali nell'adempimento inesatto 
300 |a 169 p 
942 |c BK 
945 |d 19971212 00:00:00  |a aolguin 
260 |a Nápoles  |b Dott. Eugenio Jovene  |c 1970 
650 0 |a Derecho romano  |9 255930 
650 0 |a Fuentes del derecho   |9 255162 
650 0 |a Obligaciones   |9 255578 
650 0 |a Contratos  |9 255153 
650 7 |a SITUACION ECONOMICA  |2 CL-VaPUC  |9 398312 
650 0 |a Fuentes de las obligaciones   |9 385043 
583 |a last modification  |c 20180312 12:07:38  |k Rodrigo Vera 
490 0 |a Pubblicazioni della Facoltà Giuridica dell'Università di Napoli, 118 
999 |c 264736  |d 264734 
952 |0 0  |1 0  |4 0  |6 340_540100000000000_MEL_1970  |7 0  |8 DER_ROM  |9 295143  |a BIBDER  |b BIBDER  |d 2019-11-19  |i 1918842  |o 340.5401 MEL 1970  |p 1918842  |r 2023-01-25  |w 2019-11-19  |x Ubicación 4to piso  |y BK  |z Este recurso debe solicitarse con anticipación  |k DER